[Event "Recife Pernambuco op"]
[Site "Recife"]
[Date "2014.11.22"]
[Round "2"]
[White "Gomes de Moura, Pedro Vinicius"]
[Black "Campos Teixeira, Breno de Siqueira"]
[Result "1-0"]
[WhiteElo "1796"]
[BlackElo "1783"]
[PlyCount "44"]
[EventDate "2014.11.21"]
[EventType "swiss"]
[EventRounds "5"]
[EventCountry "BRA"]
[SourceTitle "CBM 163 Extra"]
[Source "ChessBase"]
[SourceDate "2014.12.23"]
[SourceVersion "1"]
[SourceVersionDate "2014.12.23"]
[SourceQuality "1"]

1. e4 e6 2. d4 d5 3. Nc3 Bb4 4. e5 c5 5. a3 Qa5 6. axb4 Qxa1 7. Nb5 Na6 8. Nd6+ Ke7 9. Bg5+ f6 10. Qxa1 fxg5 11. bxc5 Nb4 12. Qa4 Nc6 13. Nf3 g4 14. Nd2 Rb8 15. Bb5 Bd7 16. Bxc6 bxc6 17. Qxa7 Nh6 18. Nb3 Ra8 19. Qb7 Nf5 20. 0-0 Rhd8 21. c3 Nxd4 22. Nxd4 Kf8 1-0